| 000 | 00670nam a22002417a 4500 | ||
|---|---|---|---|
| 005 | 20170124110042.0 | ||
| 010 | _aB-083658 | ||
| 020 |
_c00.00 _a9788181472083 |
||
| 035 | _aB-083658 | ||
| 037 | _bCen Lib/Ret | ||
| 040 |
_aDPL _bEN |
||
| 082 |
_a519.2 _bROS |
||
| 100 |
_aRoss, Sheldon M. _923850 |
||
| 245 |
_aIntroduction toprpbability models / _cby Sheldon M. Ross |
||
| 250 | _a8th ed | ||
| 260 |
_aSan Diego _bAcademic Press _c1972 |
||
| 270 |
_aSan Diego _bSan Diego |
||
| 300 |
_a755p. _c21cm(pbk) |
||
| 500 | _aIncludes index | ||
| 650 |
_aMathmatics _923851 |
||
| 650 |
_aProbability theory _923852 |
||
| 942 |
_2ddc _cEN _h519.2 _mROS |
||
| 999 |
_c128592 _d128592 |
||